00963nam a2200241 a 450000100100000000500170001000800410002704000250006808200190009310000440011224500900015626000400024630000200028649000420030649000530034850400560040150400300045765000380048765000560052570000450058183000420062683000530066800001776620240305102017.0100331s1972 dr 001 0 spa d aDO-SdBNPbspacBNPHU a917.293bL333t1 aLarrazábal Blanco, Carlos,d1894-198910aToponimia /cCarlos Larrazábal Blanco ; presentación Emilio Rodríguez Demorizi. aSanto Domingo :bDel Caribe,c1972. a81 p. ;c24 cm.1 aSociedad Dominicana de Geografíav41 aBiblioteca Dominicana de Geografía y Viajesv3 aIncluye bibliografía y notas al pie de páginas. aBibliografía: p. 79-81. 4aToponimiazRepública Dominicana 4aGeografíaxTerminologíazRepública Dominicana1 aRodríguez Demorizi, Emilio,d1908-1986 0aSociedad Dominicana de Geografíav4 0aBiblioteca Dominicana de Geografía y Viajesv3